| 000 | 01101cam a22003257a 4500 | ||
|---|---|---|---|
| 003 | CHAP | ||
| 005 | 20250523113050.0 | ||
| 008 | 980325d1985 mx r 00110 spa d | ||
| 010 | _a74501 | ||
| 011 | _a75473 | ||
| 035 | _a85037 | ||
| 040 | _cCHAP | ||
| 090 | _aTesis | ||
| 100 | 1 | 0 |
_aRodríguez Canto, Adolfo _998359 |
| 245 | 1 | 0 |
_aOrganización y lucha de los productores de tabaco del estado de Nayarit _c/por Adolfo Rodríguez Canto |
| 260 |
_aChapingo, Méx. : _bEl autor, _c1985. |
||
| 300 |
_a169 h. : _bmapa ; gráfs. |
||
| 502 | _aTesis (Ing. Agr. Esp. en Sociología Rural) -- UACH. Departamento de Sociología Rural | ||
| 590 |
_aALEPH _b10 _c20130110 _lUCH01 _h1419 |
||
| 590 |
_aBATCH-UPD _b10 _c20130110 _lUCH01 _h1350 |
||
| 590 |
_aBATCH-UPD _b10 _c20130410 _lUCH01 _h0846 |
||
| 590 |
_aBATCH-UPD _b10 _c20130914 _lUCH01 _h2006 |
||
| 590 |
_aCONVERSION _b10 _c20130109 _lUCH01 _h1341 |
||
| 650 | 1 | 4 |
_aTabaco _xIndustria. _9111223 |
| 650 | 1 | 4 |
_aTabaco _xNayarit. _9111231 |
| 901 | _aBK | ||
| 905 | _aLilia Sánchez G. | ||
| 942 | _cTESIS | ||
| 949 |
_bBC _cTES _d850371 _eTS1 _h17544 _i85037 _sb |
||
| 999 |
_c74501 _d74501 |
||